000 00753nam a2200241Ia 4500
003 GCL
008 140319s9999 xx 000 0 ara d
040 _aGCL /
_cGCL
082 0 4 _a246.2
_bا ط
100 1 _aاحمد بن يحيى بن المرتضى
245 1 0 _aكتاب طبقات المعتزلة /
_cاحمد بن يحيى بن المرتضى
700 1 _aسوسنة يفلد - فلنرر ( تحقيق )
260 _a[S.N] :
_bفرانز شتاينر بفيسبادن ،
_c1987
300 _a189 ص
490 _a
650 0 4 _aالاسلام
650 0 4 _aالديانات
650 0 4 _aطبقات المفسرين
650 0 4 _aالمعتزلة
650 0 4 _aالطبقات
650 0 4 _aالمجموعات
942 _2ddc
_cBK
999 _c27883
_d27883